000 01417nam a22003617a 4500
003 CHAP
005 20220329141304.0
008 971010s1983 r 00010 d
010 _a65834
011 _a66806
035 _a75781
040 _cCHAP
090 _aTesis
100 0 0 _aDíaz Victoria, Luis Teodoro.
_933668
245 _aEvaluación de la resistencia genética de variedades y líneas de frijol (Phaseolus vulgaris L.) a la antracnosis (Colletotrichum lindemuthianum (Sace y Magn) Scrib. en la Mesa Central
260 _aChapingo, Méx. :
_bEl autor,
_c1983
300 _a51 h.
_b: ilus. ; láms. ; gráfs.
502 _aTesis (Ing. Agr. Esp. en Parasitología Agrícola) -- UACH. Departamento de Parasitología Agrícola
590 _aALEPH
_b10
_c20130110
_lUCH01
_h1358
590 _aBATCH-UPD
_b10
_c20130110
_lUCH01
_h0549
590 _aBATCH-UPD
_b10
_c20130410
_lUCH01
_h0230
590 _aBATCH-UPD
_b10
_c20130914
_lUCH01
_h1218
590 _aCONVERSION
_b10
_c20130109
_lUCH01
_h1336
650 1 4 _aAntracnosis del frijol.
_96119
650 1 4 _aFrijol
_xEnfermedades.
_943367
650 1 4 _aFrijol
_xVariedades resistentes a enfermedades.
_943447
901 _aBK
942 _cFOLL
949 _bBC
_cTES
_d-63800
_eTS1
_i75781
_si
949 _bBC
_cTES
_d-63802
_eTS2
_fc.3
_h21725
_i75781
_si
949 _bBC
_cTES
_d33724000907820
_eTS2
_fc.2
_i75781
_si
949 _bZA
_cTESBD
_d-8754
_eTS1
_h93
_i75781
_si
999 _c65834
_d65834